| 000 | 00815nam a2200253Ia 4500 | ||
|---|---|---|---|
| 003 | OSt | ||
| 005 | 20221005052321.0 | ||
| 006 | a|||||r|||| 00| 0 | ||
| 007 | ta | ||
| 008 | 221004b |||||||| |||| 00| 0 eng d | ||
| 020 |
_a9780801481703 (pbk) _c1209.11 |
||
| 024 | _a106871 | ||
| 037 |
_b6047, 11/03/2011, Efficient Book Distributors _cTextual |
||
| 040 |
_aCRL _cCRL _beng |
||
| 041 |
_2eng _aeng |
||
| 082 | _aO111:gM(S:55), N4 | ||
| 100 |
_aDowling Linda _9596704 |
||
| 245 | 0 | _aHellenism and homosexuality in victorian oxford | |
| 260 |
_aLondon _bCornell Univesity Press UK _c1994 |
||
| 300 |
_axvi, 173p. _ccm. |
||
| 650 | _aENGLISH LITERATURE | ||
| 942 |
_hO111:gM(S:55), N4 _cTEXL _2cc |
||
| 999 |
_c960173 _d960173 |
||